| 000 | 00386nam a2200133Ia 4500 | ||
|---|---|---|---|
| 005 | 20260328104259.0 | ||
| 008 | 260328s9999||||xx |||||||||||||| ||und|| | ||
| 100 | _aCordoba, Julio | ||
| 245 | 0 |
_aLa Residencia de Obra : _b recopilación de Conferencias Tomo 2 / _cJulio Cordoba |
|
| 260 | _bcolección Clave | ||
| 300 | _a385 p. | ||
| 650 | _aCONSTRUCCIÓN - PLANEAMIENTO | ||
| 942 | _cBK | ||
| 999 |
_c10556 _d10556 |
||